000 01262cam a2200301 4500
008 011112n2001 000 0 eng u
020 _a1851125124
035 _a(Sirsi) u115574
041 _aeng.
050 _a333.337
110 _aDepartment for Transport, Local Government and the Regions
_94091
245 _aFloorspace and rateable value for commercial and industrial properties 2000: England and Wales
260 _aLondon
_bDTLR
_c2001
300 _a123p.
_c30cm.
350 _a45.00
520 _aPresents statistics on floorspace and rateable value for non-domestic properties in England and Wales. These are compiled for regions, counties and districts as of 1 October 2000. Information on rateable value and rateable value per square metre are provided in the report for the first time. View at www.planning.odpm.gov.uk.
650 _aFLOORSPACE
650 _aSTATISTICS
650 _aRATEABLE VALUE
650 _aPROPERTY-COMMERCIAL PROPERTY
650 _aINDUSTRIAL PROPERTY
650 _aNON-DOMESTIC PROPERTY
650 _aENGLAND
650 _aWALES
690 _aPROPERTY-COMMERCIAL PROPERTY
856 _uhttps://www.communities.gov.uk/index.asp?id=1146088
_vView the statistics on the ODPM website...
942 _n0
999 _c101769
_d101769